header

Immigration and American history (Record no. 39590)

MARC details
000 -LEADER
fixed length control field 02377nam a2200421 a 4500
082 04 - DEWEY DECIMAL CLASSIFICATION NUMBER
Classification number 325.73
245 00 - TITLE STATEMENT
Title Immigration and American history
260 ## - PUBLICATION, DISTRIBUTION, ETC. (IMPRINT)
Place of publication Minneapolis :
Name of publisher University of Minnesota Press,
Year of publication [1961]
300 ## - PHYSICAL DESCRIPTION
Number of Pages x, 166 p. :
Other physical details port.
500 ## - GENERAL NOTE
General note "Based on a conference at the University of Minnesota, January 29-30, 1960."
505 0# - FORMATTED CONTENTS NOTE
Formatted contents note The study of immigration / H.S. Commager -- Immigration in American life: a reappraisal / O. Handlin -- Emigration and the image of America in Europe / I. Semmingsen -- The stranger looks at the Yankee / P.D. Jordan -- The immigrant in western fiction / J.T. Flanagan -- Immigration as a world phenomenon / C.C. Qualey -- The migration of ideas / H.A. Pochmann -- The immigration theme in the framework of national groups / F.D. Scott -- Prospects for materials in immigration studies / C.C. Qualey -- New prospects in immigration studies / C.J. Barry -- The saga of the immigrant / T.C. Blegen -- About the authors -- Theodore C. Blegen: a bibliography (p. 157-161).
650 #0 - SUBJECT ADDED ENTRY--TOPICAL TERM
Topical Term Immigrants
Topical Term Immigrants in literature.
700 1# - ADDED ENTRY--PERSONAL NAME
Personal name Commager, Henry Steele,
856 40 - ELECTRONIC LOCATION AND ACCESS
Uniform Resource Identifier http://site.ebrary.com/lib/rucke/Doc?id=10231200

No items available.

© 2026 Rongo University
Contact us: librarian | system librarian | Rongo university